| 000 | 01291nam a2200349 a 4500 | ||
|---|---|---|---|
| 999 |
_c381629 _d381629 |
||
| 003 | BLK | ||
| 005 | 20240118163123.0 | ||
| 008 | 210226b bul|||||r ||||||| ||bul|| | ||
| 020 | _a9789545533211 | ||
| 040 | _aBLK | ||
| 041 |
_aBUL _cBUL |
||
| 080 |
_aУкраинска литература _b821.161.2 _x-31 _z821.161.2-31 |
||
| 100 | 1 |
_aАндрухович, Юрий Игоревич _eпърви автор _932506 |
|
| 139 |
_aАндрухович, Юрий Игоревич _bА 66 |
||
| 245 | 1 | 0 |
_aЛюбовниците на Юстиция _bРоман _cЮрий Игоревич Андрухович. |
| 257 | _aBGR | ||
| 260 |
_aСофия _bПарадокс _c2020 |
||
| 300 |
_a296 с. _c23 см |
||
| 380 | _aX | ||
| 500 | _aБез сведение за ориг. загл. Биогр. данни за авт. отбелязани на 2-ра кор. Няколко думи за преводача: с. 295 | ||
| 700 | 1 |
_aСтаменова, Албена Проданова _eпрев. от укр. _9373856 |
|
| 852 |
_bП _c821-31/А 66 Ю |
||
| 852 |
_bЦб _aЦб 306049 |
||
| 856 | 4 | _qpdf | |
| 856 | 4 | _qpdf | |
| 942 |
_cKNG _n0 _s1 _05 |
||
| 944 |
_aCR _c2020-08-12 _k30576 _lЦветомила Тодорова |
||
| 999 | _d381629 | ||
| 999 | _d381629 | ||
| 999 | _d381629 | ||
| 999 | _d381629 | ||